[Event "AUTO-INT-1382"]
[Site "http://www.queenalice.com/game.php?id=621026"]
[Date "2009.7.18"]
[Round "1"]
[White "Jane"]
[Black "MLC"]
[Result "1-0"]
[WhiteElo "1452"]
[BlackElo "1584"]

1. e4 e5 2. Nf3 Nf6 3. Nxe5 Qe7 4. Nf3 Qxe4+ 5. Qe2 Qxe2+ 6. Bxe2 d5 7. d4 Bd6
8. Bg5 O-O 9. Bxf6 gxf6 10. Nc3 Bb4 11. a3 Ba5 12. b4 Bb6 13. Nxd5 Bxd4 14. Nxd4
Na6 15. Nxf6+ Kg7 16. Nd5 c6 17. Ne3 Rd8 18. Nf3 Bg4 19. Bxa6 Re8 20. Bxb7 Rab8
21. Bxc6 Re7 22. h3 Bf5 23. O-O Bd3 24. cxd3 Rc8 25. Nf5+ Kf6 26. Nxe7 Rd8 27.
Nd5+ Ke6 28. Nf4+ Kd6 29. Be4 Ke7 30. Bxh7 Rh8 31. Rfe1+ Kf6 32. Nh5# 1-0

[Event "AUTO-INT-1382"]
[Site "http://www.queenalice.com/game.php?id=621027"]
[Date "2009.7.18"]
[Round "1"]
[White "MLC"]
[Black "Jane"]
[Result "1-0"]
[WhiteElo "1544"]
[BlackElo "1465"]

1. e4 e5 2. Nc3 Nf6 3. Nf3 Nc6 4. Bb5 a6 5. Bxc6 dxc6 6. O-O Bg4 7. h3 Bxf3 8.
Qxf3 Qd4 9. d3 Bc5 10. Ne2 O-O-O 11. Nxd4 Bxd4 12. Qf5+ Kb8 13. c3 Ba7 14. Rd1
Rd6 15. Qxe5 Re8 16. Qf4 Ree6 17. e5 Nh5 18. Qxf7 Rxe5 19. Qf8+ Rd8 20. Qxd8#
1-0

[Event "Challenge"]
[Site "http://www.queenalice.com/game.php?id=622847"]
[Date "2009.7.22"]
[Round "-"]
[White "forth_generation"]
[Black "Jane"]
[Result "0-1"]
[WhiteElo "1445"]
[BlackElo "1537"]

1. d4 d5 2. Nf3 Bf5 3. Nc3 e6 4. e3 Bb4 5. Bd2 Bxc3 6. Bxc3 Nc6 7. Bb5 a6 8.
Bxc6+ bxc6 9. Ba5 Nf6 10. Ne5 Qd6 11. O-O O-O 12. f3 h6 13. c3 c5 14. e4 dxe4
15. f4 cxd4 16. cxd4 c5 17. Nc4 Qxd4+ 18. Qxd4 cxd4 19. h3 d3 20. Rad1 Nd5 21.
g4 Bh7 22. Kg2 Rac8 23. b3 Rc5 24. Bb6 Rb5 25. Bd4 f5 26. Kg3 fxg4 27. hxg4 g5
28. f5 exf5 29. gxf5 Rxf5 30. Rh1 Nc7 31. Rxh6 Rf3+ 32. Kg4 Bf5+ 33. Kxg5 Bd7+
34. Kh4 Rh3# 0-1

[Event "Challenge"]
[Site "http://www.queenalice.com/game.php?id=622849"]
[Date "2009.7.22"]
[Round "-"]
[White "Jane"]
[Black "Wettkampf"]
[Result "0-1"]
[WhiteElo "1418"]
[BlackElo "1462"]

1. e4 e6 2. e5 d5 3. d4 Nc6 4. Bb5 Bb4+ 5. c3 Ba5 6. Bxc6+ bxc6 7. Be3 Ne7 8.
Bg5 h6 9. Bxe7 Qxe7 10. Nf3 Ba6 11. Nbd2 c5 12. dxc5 Qxc5 13. b4 Qxc3 14. Qa4+
c6 15. Rb1 Bb6 16. Qxa6 O-O 17. O-O Rad8 18. Rfc1 Qxc1+ 19. Rxc1 Rc8 20. a4 f5
21. b5 g5 22. Qb7 Rc7 23. Qa6 g4 24. Nh4 d4 25. Ng6 Rd8 26. bxc6 d3 27. Nf4 Kf7
28. Kf1 Rd4 29. Rc4 Rd8 30. f3 gxf3 31. gxf3 Rd4 32. Rxd4 Bxd4 33. Nb3 h5 34.
Nxh5 Bxe5 35. Kg2 Kg6 36. Ng3 Kg5 37. Qxd3 Rxc6 0-1

[Event "AUTO-INT-1175"]
[Site "http://www.queenalice.com/game.php?id=623584"]
[Date "2009.7.23"]
[Round "2"]
[White "Jane"]
[Black "odin2"]
[Result "0-1"]
[WhiteElo "1487"]
[BlackElo "1923"]

1. e4 e5 2. Nf3 Nc6 3. Bc4 Nf6 4. Nc3 Be7 5. d4 exd4 6. Nxd4 O-O 7. Bg5 Ne5 8.
Bxf6 Bxf6 9. Qh5 Nxc4 10. Nf5 Nxb2 11. O-O Bxc3 12. Qg4 Qf6 13. Rab1 Nc4 14. Rb3
Nd2 15. Rxc3 Qxc3 16. Rd1 d6 17. h3 Bxf5 18. exf5 Nc4 19. Rd3 Qxc2 20. Rg3 g6
21. fxg6 fxg6 22. Kh2 Ne5 23. Qe6+ Kh8 24. Qb3 Qxb3 25. axb3 Rxf2 26. b4 Raf8
27. Ra3 a6 28. Kg3 Rb2 29. Rc3 c6 30. Kh2 Rff2 31. Kg3 Rxg2+ 32. Kh4 Rbf2 33.
Rg3 Rxg3 0-1

[Event "AUTO-INT-1175"]
[Site "http://www.queenalice.com/game.php?id=623585"]
[Date "2009.7.23"]
[Round "2"]
[White "odin2"]
[Black "Jane"]
[Result "1-0"]
[WhiteElo "1993"]
[BlackElo "1567"]

1. e4 e5 2. Nf3 Nc6 3. d4 exd4 4. Nxd4 Nxd4 5. Qxd4 Nf6 6. Nc3 d6 7. Bc4 Be6 8.
Bxe6 fxe6 9. O-O d5 10. exd5 exd5 11. Re1+ Be7 12. Bg5 h6 13. Bxf6 gxf6 14. Qxf6
Rf8 15. Qxh6 Rf7 16. Rad1 Qd6 17. Qxd6 cxd6 18. Nxd5 Kd7 19. c4 Bf6 20. b3 Bc3
21. Re3 Ba5 22. b4 Bd8 23. c5 dxc5 24. Nb6+ Kc6 25. Nxa8 Bg5 26. Re5 Bf4 27.
Rxc5# 1-0

[Event "AUTO-OPEN-1632"]
[Site "http://www.queenalice.com/game.php?id=623621"]
[Date "2009.7.23"]
[Round "1"]
[White "deckard"]
[Black "Jane"]
[Result "1-0"]
[WhiteElo "1798"]
[BlackElo "1476"]

1. e4 e5 2. d4 exd4 3. Qxd4 Nc6 4. Qe3 Bb4+ 5. c3 Ba5 6. Nf3 Qf6 7. Bd3 d6 8.
O-O Bg4 9. Nbd2 Bxf3 10. Nxf3 Nge7 11. Re1 O-O-O 12. Qg5 Qxg5 13. Nxg5 Ne5 14.
Bc2 f6 15. Ne6 Rd7 16. Nxg7 N7c6 17. Nf5 Nc4 18. Bb3 N6e5 19. Bxc4 Nxc4 20. b3
Bxc3 21. bxc4 c6 22. Bf4 Bxa1 23. Rxa1 d5 24. cxd5 cxd5 25. e5 fxe5 26. Bxe5 1-0

[Event "AUTO-OPEN-1632"]
[Site "http://www.queenalice.com/game.php?id=623622"]
[Date "2009.7.23"]
[Round "1"]
[White "Jane"]
[Black "deckard"]
[Result "0-1"]
[WhiteElo "1473"]
[BlackElo "1801"]

1. e4 d5 2. exd5 Qxd5 3. Nc3 Qa5 4. Qf3 Nf6 5. Bb5+ c6 6. Ba4 Bg4 7. Qf4 e6 8.
f3 Bh5 9. d4 Nbd7 10. Bd2 Qb6 11. b3 Be7 12. Ne4 Qxd4 13. Rd1 Qb2 14. Bc3 Qxc2
15. Qd2 Qxd2+ 16. Rxd2 b5 17. Nxf6+ Nxf6 18. Bxf6 Bxf6 19. Bxb5 cxb5 20. Nh3 O-O
21. a4 bxa4 22. bxa4 Rfd8 23. Rxd8+ Rxd8 24. O-O Bg6 25. Nf4 a5 26. Ne2 Rd2 0-1

[Event "AUTO-OPEN-1632"]
[Site "http://www.queenalice.com/game.php?id=623645"]
[Date "2009.7.23"]
[Round "1"]
[White "Jane"]
[Black "Saftawi"]
[Result "0-1"]
[WhiteElo "1495"]
[BlackElo "2248"]

1. e4 e5 2. Nf3 Nf6 3. Nxe5 d6 4. Nf3 Nxe4 5. d3 Nf6 6. Nc3 Be7 7. Bg5 O-O 8. d4
Nc6 9. Bxf6 Bxf6 10. Bb5 Re8+ 11. Ne2 a6 12. Bxc6 bxc6 13. O-O Rb8 14. b3 c5 15.
dxc5 Bxa1 16. Qxa1 Rxe2 17. Nd4 Re8 18. cxd6 Qxd6 19. c4 Qg6 20. g3 Bh3 21. Re1
Rxe1+ 22. Qxe1 Qd3 23. Nc6 Qf3 24. Ne7+ Kf8 25. Nd5 Qg2# 0-1

[Event "AUTO-INT-1389"]
[Site "http://www.queenalice.com/game.php?id=623700"]
[Date "2009.7.24"]
[Round "1"]
[White "ReidoBaralho"]
[Black "Jane"]
[Result "1-0"]
[WhiteElo "1700"]
[BlackElo "1602"]

1. e4 e5 2. Qh5 Qf6 3. d3 Bc5 4. Nf3 g6 5. Qg4 Nh6 6. Qg3 Ng8 7. Bd2 Nc6 8. a3
Nd4 9. Bg5 Qc6 10. Qxe5+ Ne6 11. Qxh8 Kf8 12. Bf6 d6 13. d4 Bxd4 14. Nxd4 Nxd4
15. Qg7+ Ke8 16. Qxg8+ Kd7 17. Qd8+ Ke6 18. Qe7# 1-0

[Event "AUTO-INT-1389"]
[Site "http://www.queenalice.com/game.php?id=623701"]
[Date "2009.7.24"]
[Round "1"]
[White "Jane"]
[Black "ReidoBaralho"]
[Result "0-1"]
[WhiteElo "1615"]
[BlackElo "1701"]

1. e4 e5 2. Nf3 c5 3. Bc4 Nc6 4. d3 a6 5. Bg5 Be7 6. Bxe7 Qxe7 7. Nc3 d6 8. Bd5
Nd4 9. O-O Bg4 10. h3 Nxf3+ 11. gxf3 Bh5 12. Kh2 Qf6 13. Bxb7 Qf4+ 14. Kg1 Bxf3
15. Qe1 Qg5+ 16. Kh2 Qg2# 0-1

[Event "AUTO-INT-1389"]
[Site "http://www.queenalice.com/game.php?id=623716"]
[Date "2009.7.24"]
[Round "1"]
[White "schachmattorwieorwatt"]
[Black "Jane"]
[Result "0-1"]
[WhiteElo "1333"]
[BlackElo "1404"]

1. e4 e5 2. Bc4 Nf6 3. Nc3 Bb4 4. Nge2 Bxc3 5. Nxc3 Nc6 6. O-O d6 7. h3 Nd4 8.
d3 Be6 9. b3 Bxc4 10. bxc4 O-O 11. Rb1 b6 12. Bg5 h6 13. Be3 Nd7 14. Bxd4 exd4
15. Ne2 Nc5 16. Ng3 Qf6 17. Qe2 Na4 18. Qd2 Nc3 19. Rb4 Nxa2 20. Rb5 c5 21. Rbb1
Nc3 22. Rbe1 a6 23. f4 Na4 24. f5 b5 25. cxb5 axb5 26. Qc1 c4 27. Qb1 cxd3 28.
cxd3 Rab8 29. Qd1 Nc3 30. Qb3 g6 31. Ra1 h5 32. Qc2 b4 0-1

[Event "AUTO-INT-1389"]
[Site "http://www.queenalice.com/game.php?id=623717"]
[Date "2009.7.24"]
[Round "1"]
[White "Jane"]
[Black "schachmattorwieorwatt"]
[Result "1-0"]
[WhiteElo "1417"]
[BlackElo "1320"]

1. e4 e5 2. Nf3 d6 3. Bc4 Nc6 4. d3 Be7 5. Bg5 Bxg5 6. Nxg5 Qxg5 7. Qf3 Nh6 8.
Nc3 Nd4 9. Qg3 Qxg3 10. fxg3 Nxc2+ 11. Kd2 Nxa1 12. Rxa1 O-O 13. Nd5 Bd7 14.
Ne7+ Kh8 15. Nd5 c5 16. Rf1 b5 17. Bb3 f5 18. exf5 Bxf5 19. Ne7 Bd7 20. Rxf8+
Rxf8 21. Kc3 Nf5 22. Nxf5 Rxf5 23. Kc2 Rf2+ 24. Kc3 Rxg2 25. h4 Rxg3 26. a3 Rg4
27. h5 Rh4 28. Bd1 Bg4 29. Bxg4 Rxg4 30. b4 c4 31. dxc4 Rxc4+ 32. Kb3 e4 33. a4
1-0

[Event "AUTO-INT-1389"]
[Site "http://www.queenalice.com/game.php?id=623726"]
[Date "2009.7.24"]
[Round "1"]
[White "ThiagoTanaka"]
[Black "Jane"]
[Result "1-0"]
[WhiteElo "1798"]
[BlackElo "1422"]

1. d4 d5 2. Bf4 Nf6 3. Nf3 e6 4. e3 Bb4+ 5. c3 Ba5 6. Bd3 Nc6 7. O-O h6 8. Re1
g5 9. Be5 Nxe5 10. Nxe5 Ne4 11. Nd2 Nxd2 12. Qxd2 f6 13. Bg6+ Ke7 14. Nf7 Qg8
15. Nxh8 Qxh8 16. e4 Qg7 17. Bh5 dxe4 18. Rxe4 f5 19. Re5 c5 20. Rxc5 b6 21.
Rc7+ Bd7 22. Re1 Kd8 23. Rc4 Bb5 24. Rxe6 Bxc4 25. Re8+ Kc7 26. Rxa8 g4 27. Qf4+
Kc6 28. Rc8+ Kb5 29. Be8+ Ka6 30. Rxc4 Qe7 31. Qe3 Qxe3 32. fxe3 b5 33. Rc5 Kb6
34. Rxb5+ Kc7 35. Rxa5 Kb6 36. Rxf5 a6 37. Rf6+ Ka5 38. Rf5+ Kb6 39. e4 a5 40.
e5 a4 41. Bxa4 h5 42. e6 Kc7 43. e7 Kd6 44. e8=Q 1-0

[Event "AUTO-INT-1389"]
[Site "http://www.queenalice.com/game.php?id=623727"]
[Date "2009.7.24"]
[Round "1"]
[White "Jane"]
[Black "ThiagoTanaka"]
[Result "0-1"]
[WhiteElo "1420"]
[BlackElo "1800"]

1. e4 c6 2. Bc4 d5 3. exd5 cxd5 4. Bb5+ Bd7 5. Bxd7+ Nxd7 6. d4 Ngf6 7. Nc3 e6
8. Bg5 Bb4 9. Bxf6 Nxf6 10. Nf3 Ne4 11. Qd3 Qc7 12. a3 Bxc3+ 13. bxc3 Qxc3+ 14.
Qxc3 Nxc3 15. O-O O-O 16. h3 Rac8 17. Rfe1 Na4 18. Ne5 Rxc2 19. Nd7 Rfc8 20. f3
Rb2 21. Rac1 Rcc2 22. Rxc2 Rxc2 23. Rb1 b6 24. Ne5 Kf8 25. Nd7+ Ke7 26. Ne5 Nc3
27. Rb3 Ne2+ 28. Kh2 Nxd4 29. Rd3 Nc6 30. Nxc6+ Rxc6 31. f4 Kd6 32. g4 Rc4 33.
f5 e5 34. Kg3 f6 35. g5 d4 36. gxf6 gxf6 37. h4 Rc3 38. Rxc3 dxc3 39. a4 c2 40.
h5 c1=Q 41. h6 Qf4+ 42. Kh3 e4 43. Kg2 e3 44. Kh3 e2 0-1

[Event "Challenge"]
[Site "http://www.queenalice.com/game.php?id=623750"]
[Date "2009.7.24"]
[Round "-"]
[White "Jane"]
[Black "dwrogers"]
[Result "0-1"]
[WhiteElo "1601"]
[BlackElo "1615"]

1. e4 e5 2. Nf3 Nc6 3. Bb5 d6 4. Bxc6+ bxc6 5. d4 Bg4 6. dxe5 dxe5 7. Nc3 Qxd1+
8. Nxd1 Bxf3 9. gxf3 Bc5 10. Bg5 Nf6 11. Bxf6 gxf6 12. O-O Rg8+ 13. Kh1 O-O-O
14. c3 Rg6 15. Ne3 Rg5 16. Nf5 Rd2 17. b4 Bxf2 18. a4 Rc2 19. Rac1 Re2 20. Ng3
Bxg3 21. hxg3 Rh5+ 22. Kg1 Rg5 23. g4 Ra2 24. a5 Rg8 25. Rf2 Rxf2 26. Kxf2 Rd8
27. Kg3 Rg8 28. c4 a6 29. b5 cxb5 30. cxb5 axb5 31. a6 Kb8 0-1

[Event "Challenge"]
[Site "http://www.queenalice.com/game.php?id=623752"]
[Date "2009.7.24"]
[Round "-"]
[White "dwrogers"]
[Black "Jane"]
[Result "0-1"]
[WhiteElo "1615"]
[BlackElo "1590"]

1. e4 e5 2. Nf3 Nc6 3. Bc4 Nf6 4. O-O Bc5 5. c3 Nxe4 6. d4 exd4 7. cxd4 d5 8.
Bb5 Bb6 9. Qe2 Bd7 10. Bxc6 Bxc6 11. Nfd2 O-O 12. Nxe4 dxe4 13. Be3 Bxd4 14. Rd1
Qf6 15. Nc3 Bxc3 16. bxc3 Qxc3 17. Bd4 Qa5 18. Qg4 g6 19. Qg5 Qxg5 20. g3 Rfd8
21. h4 Qg4 22. Kh2 Ba4 23. Rd2 c5 24. Be3 Rxd2 25. Bxd2 Qe2 26. Bh6 Qxf2+ 27.
Kh3 Bd7+ 0-1

[Event "Let's Play Chess "]
[Site "http://www.queenalice.com/game.php?id=624204"]
[Date "2009.7.24"]
[Round "-"]
[White "Jane"]
[Black "Los_magos_falkon"]
[Result "0-1"]
[WhiteElo "1508"]
[BlackElo "1585"]

1. e4 e5 2. Nf3 Nf6 3. Nxe5 Qe7 4. d4 d6 5. Nf3 Nxe4 6. Qe2 d5 7. Bg5 Nxg5 8.
Nxg5 Qxe2+ 9. Bxe2 Be7 10. f4 Bxg5 11. fxg5 Bf5 12. c3 Nc6 13. O-O Bxb1 14.
Raxb1 O-O 15. Bb5 Nd8 16. c4 c6 17. Ba4 dxc4 18. Bc2 Ne6 19. b3 c3 20. Rbc1 Nxd4
21. Bd3 Ne6 22. Rxc3 Nxg5 0-1

[Event "Challenge"]
[Site "http://www.queenalice.com/game.php?id=629726"]
[Date "2009.8.3"]
[Round "-"]
[White "Jane"]
[Black "forth_generation"]
[Result "0-1"]
[WhiteElo "1590"]
[BlackElo "1553"]

1. e4 e5 2. Nf3 c6 3. Nxe5 Qb6 4. Qf3 Nf6 5. b3 Qd4 6. Qc3 Bc5 7. Qxd4 Bxd4 8.
c3 Bxe5 9. d4 Bc7 10. e5 Nd5 0-1